| 000 | 00742nam a22001937a 4500 | ||
|---|---|---|---|
| 999 |
_c164444 _d164444 |
||
| 005 | 20190520152310.0 | ||
| 010 | _aENG-125239 | ||
| 020 |
_a9788183151856 _c1500.00 |
||
| 035 | _aEN-108771 | ||
| 037 | _bDBAD/PUB | ||
| 082 | _a235.954 | ||
| 100 | _aPushpendra Kumar | ||
| 245 |
_aŚaktism in India : _cby Pushpendra Kumar _bwith special reference to the Purānic literature / |
||
| 260 |
_aNew Delhi _bNew Bharatiya Book Corporation _c2012 |
||
| 270 |
_a208, IInd Floor, Prakash Deep Building, 4735/22, Ansari Road _bDarya Ganj, New Delhi _e110002 |
||
| 300 |
_avi, 304 p., [24] p. of plates : _c25cm(Hb) _bill. (some col.) ; |
||
| 500 | _aIncludes bibliographical references and index | ||
| 942 |
_2ddc _cEN _h235.954 _mPUS |
||